2603-叡山電鉄の駅 - Statistics

General Stats
  • This quiz has been taken 147 times
  • The average score is 13 of 18
Answer Stats
本線 % Correct
出町柳
99%
鞍馬
94%
元田中
83%
八瀬比叡山口
83%
宝ケ池
76%
宝ケ池
76%
一乗寺
75%
貴船口
75%
京都精華大前
73%
修学院
72%
二軒茶屋
64%
岩倉
63%
茶山・京都芸術大学
61%
市原
61%
二ノ瀬
56%
三宅八幡
53%
八幡前
52%
木野
50%
No matching quizzes found
Score Distribution
Percent of People with Each Score
Percentile by Number Answered
Your Score History
You have not taken this quiz